Management-Zeitschrift io industrielle organisation
Salvato in:
| Natura: | Periodico |
|---|---|
| Lingua: | tedesco |
| Pubblicazione: |
Zürich
Industrielle Organisation
|
| Tags: |
Nessun Tag, puoi essere il primo ad aggiungerne!!
|
MARC
| LEADER | 00000nas1a2200000 4500 | ||
|---|---|---|---|
| 001 | s123688 | ||
| 005 | 20230607114758.4 | ||
| 041 | 0 | |a ger | |
| 044 | |a CH | ||
| 245 | 1 | 0 | |a Management-Zeitschrift io |b industrielle organisation |
| 264 | 1 | |a Zürich |b Industrielle Organisation | |